Perspektif Perancangan

Bibliographic Details
Other Authors: Halmi Zainol
Format: Book
Language:Malay
Published: Shah Alam : Pusat Penerbitan Universiti , 2009
Subjects:

MARC

LEADER 00000cam a2200000 7i4500
001 0000024887
005 20130827.0
008 190713 my a may
020 |a 9789673051618 ,   |c RM25.00 
040 |a INS 
090 0 0 |a HT166   |b P47 2009 
245 1 0 |a Perspektif Perancangan   |c Halmi Zainol...[et al.]. 
260 |a Shah Alam :   |b Pusat Penerbitan Universiti ,   |c 2009 
300 |a xiv,241ms :   |b ill ;   |c 22cm. 
500 |a Mengandungi indeks 
650 0 |a City planning 
650 0 |a Regional planning 
700 1 |a Halmi Zainol 
999 |a 1000001217   |b BOOK   |c Open Shelf   |e Default branch